Dwelling in the archive : women writing house, home, and history in late colonial India
Αποθηκεύτηκε σε:
| Κύριος συγγραφέας: | |
|---|---|
| Μορφή: | Βιβλίο |
| Γλώσσα: | English |
| Δημοσίευση: |
New York :
Oxford University Press,
2003
|
| Θέματα: | |
| Ετικέτες: |
Προσθήκη ετικέτας
Δεν υπάρχουν, Καταχωρήστε ετικέτα πρώτοι!
|
MARC
| LEADER | 00000nam a2200000 i 4500 | ||
|---|---|---|---|
| 001 | 1/47507 | ||
| 008 | 070705s2003 eng d | ||
| 020 | |a 978-0-19-514425-3 (pbk.) | ||
| 020 | |a 0-19-514425-2 (pbk.) | ||
| 035 | |l 10088661 | ||
| 040 | |a GR-MY-UA |b gre |e aacr | ||
| 041 | 0 | |a eng | |
| 082 | 0 | |a 820.9355 |2 (22) | |
| 100 | 1 | |a Burton, Antoinette M. |d 1961- | |
| 245 | 1 | 0 | |a Dwelling in the archive : |b women writing house, home, and history in late colonial India / |c Antoinette Burton |
| 260 | |a New York : |b Oxford University Press, |c 2003 | ||
| 300 | |a x, 202 σ.; |c 24 εκ. | ||
| 504 | |a Βιβλιογραφία: σ. [179]-197 | ||
| 504 | |a Περιέχει ευρετήριο | ||
| 650 | 0 | 0 | |a English literature |y 20th century |x History and criticism. |
| 650 | 0 | 0 | |a Indic prose literature (English) |x Women authors |x History and criticism. |
| 650 | 0 | 0 | |a Women |z India |x Biography |x History and criticism. |
| 650 | 0 | 0 | |a Women and literature |z India |x History |y 20th century. |
| 650 | 0 | 0 | |a Family |z India |x Historiography. |
| 650 | 0 | 0 | |a Women |z India |x Historiography. |
| 650 | 0 | 0 | |a Autobiography |x Women authors. |
| 650 | 0 | 0 | |a Family in literature. |
| 650 | 0 | 0 | |a Home in literature. |
| 852 | |a INST |b LESVOS |e 20070705 |h 820.9355 BUR |p 005100037851 |q 005100037851 |t BK |y 0 | ||
| 901 | |a BIBL1-2007-2 | ||
| 909 | |a Λ |b 135658 | ||
| 922 | |a 1ΕΛΗ |b 200706 |c ΕΠΕΑΕΚ2/ΤΚΑ |d ΠΑΠΑΣΩΤΗΡΙΟΥ | ||
| 970 | |a ΒΑΡΚΑ |b ΕΛΕΥΘΕΡΙΑ |z 2007/07/05 | ||